000 00215nam a2200085Ia 4500
245 0 _aOscar Season
100 _a McNamara, Mary London, 2009
_978184
942 _cBK
008 210817s9999 xx 000 0 und d
999 _c269704
_d269701